S02-3 駅名クイズ - JR東日本(関東) ver. - Statistics

General Stats
  • This quiz has been taken 234 times
    183 since last reset
  • The average score is 503 of 861
Answer Stats
Number Answer % Correct
| JC01 | JE01 | +5 others 東京
97%
| JJ01 | JK30 | +2 others 上野
96%
| JA26 | JK47 | +2 others 大宮
96%
宇都宮
95%
JB19 | JK28 | JY03 秋葉原
94%
JA11 | JB10 | JC05 | +2 others 新宿
94%
JK20 | JO17 | JT03 | JY25 品川
94%
JK24 | JO18 | JT02 | JY29 新橋
94%
JC02 | JK27 | JY02 神田
93%
JJ02 | JK32 | JY07 日暮里
92%
JK33 | JY08 西日暮里
91%
JA12 | JS21 | JY13 池袋
91%
JA10 | JS19 | JY20 渋谷
91%
高崎
90%
JK29 | JY04 御徒町
90%
JA08 | JS17 | JY24 大崎
90%
JK21 | JY26 高輪ゲートウェイ
90%
JK31 | JY06 鶯谷
89%
JK34 | JY09 田端
89%
JY15 高田馬場
89%
JB11 | JY18 代々木
89%
JA09 | JS18 | JY21 恵比寿
89%
JY22 目黒
89%
JK25 | JY30 有楽町
89%
JK16 | JN01 | JT04 川崎
89%
JY19 原宿
88%
| JB39 | JO28 千葉
88%
JK12 | JO13 | JS13 | JT05 横浜
88%
JK22 | JY27 田町
87%
JK23 | JY28 浜松町
87%
小山
86%
JY14 目白
86%
JY16 新大久保
86%
JY10 駒込
85%
JY11 巣鴨
85%
JY12 大塚
85%
JI01 | JK15 鶴見
85%
那須塩原
84%
熊谷
84%
JY23 五反田
84%
JN07 | JO15 | JS15 武蔵小杉
84%
JM35 | JN20 府中本町
84%
JE07 舞浜
84%
JB01 | JC12 三鷹
84%
JO03 横須賀
84%
JT21 熱海
84%
JK43 | JS23 | JU05 浦和
84%
JA15 | JK38 | JS22 | JU04 赤羽
84%
| JC22 | JH32 八王子
83%
JC19 | JN26 立川
83%
JB18 | JC03 御茶ノ水
83%
JB07 | JC06 中野
83%
JB31 | JO25 船橋
83%
| JJ08 | JL30 我孫子
83%
水戸
83%
JB30 | JM10 西船橋
82%
JE05 新木場
82%
JB14 | JC04 四ツ谷
82%
JC62 青梅
82%
JO06 | JS06 逗子
82%
JT16 小田原
82%
JK46 | JU06 さいたま新都心
82%
JK42 | JM25 南浦和
81%
JB04 | JC09 荻窪
81%
JO07 | JS07 鎌倉
81%
本庄
81%
| JO35 成田
81%
本庄早稲田
80%
JA21 | JM26 武蔵浦和
80%
JB02 | JC11 吉祥寺
80%
JC16 国分寺
80%
JC24 高尾
80%
JK01 | JO09 | JS09 | JT07 大船
80%
JH13 | JK13 東神奈川
79%
蘇我
79%
JB35 幕張
79%
JO10 | JS10 | JT06 戸塚
79%
| JT10 茅ケ崎
79%
JJ06 | JL22 松戸
79%
JJ07 | JL28
79%
JH16 新横浜
78%
JC17 | JM33 西国分寺
78%
JE02 八丁堀
78%
JE14 海浜幕張
78%
川越
78%
JC15 武蔵小金井
78%
JK39 川口
78%
JM27 西浦和
77%
JE06 葛西臨海公園
77%
JB06 | JC07 高円寺
77%
JC18 国立
77%
JB17 水道橋
77%
JB16 飯田橋
77%
JT11 平塚
77%
JK17 蒲田
77%
JK11 桜木町
77%
JT26 伊東
77%
JM24 東浦和
76%
JB05 | JC08 阿佐ケ谷
76%
JB03 | JC10 西荻窪
76%
JC32 大月
76%
JB27 | JO24 市川
76%
JB21 両国
76%
JO01 久里浜
76%
JO08 | JS08 北鎌倉
76%
JT20 湯河原
76%
JU03 尾久
76%
新木
76%
JM21 越谷レイクタウン
74%
JE08 新浦安
74%
JC74 奥多摩
74%
JO14 | JS14 新川崎
74%
JT08 藤沢
74%
JK44 北浦和
74%
JK19 大井町
74%
前橋
74%
JL25 | JM15 新松戸
73%
JB22 | JO22 錦糸町
73%
JO11 | JS11 東戸塚
73%
JT14 国府津
73%
JK45 与野
73%
| JJ10 | JL32 取手
73%
JO37 成田空港
73%
日光
73%
| JH28 橋本
72%
JI08 | JN54 浜川崎
72%
JM17 三郷
72%
JC23 西八王子
72%
JB15 市ケ谷
72%
JO16 | JS16 西大井
72%
JO20 新日本橋
72%
銚子
72%
JT12 大磯
72%
JA13 板橋
72%
JJ05 北千住
72%
JM22 南越谷
71%
JE04 潮見
71%
JE11 南船橋
71%
JC13 武蔵境
71%
JC20 日野
71%
JC21 豊田
71%
CO43 甲府
71%
JB37 | JO27 稲毛
71%
JB13 信濃町
71%
JB09 大久保
71%
JO12 | JS12 保土ケ谷
71%
JI52 海芝浦
71%
JT13 二宮
71%
JK41
71%
JK36 王子
71%
JM30 東所沢
70%
JM20 吉川
70%
JE03 越中島
70%
JE17 千葉みなと
70%
| JC55 拝島
70%
JC86 武蔵五日市
70%
JB38 西千葉
70%
JB33 | JO26 津田沼
70%
JB08 東中野
70%
JO21 馬喰町
70%
JI61 大川
70%
JK40 西川口
70%
JK18 大森
70%
JK07 根岸
70%
JE12 新習志野
69%
JC25 相模湖
69%
JB20 浅草橋
69%
JO33 佐倉
69%
JA19 戸田
69%
JH23 町田
68%
JN02 尻手
68%
JM23 東川口
68%
JE13 幕張豊砂
68%
JB32 東船橋
68%
JB26 小岩
68%
JB25 | JO23 新小岩
68%
JB12 千駄ケ谷
68%
JK37 東十条
68%
JK35 上中里
68%
JK10 関内
68%
黒磯
68%
鴻巣
68%
JJ04 南千住
68%
JL19 綾瀬
68%
JM19 吉川美南
67%
JE10 二俣新町
67%
JB23 亀戸
67%
JK06 磯子
67%
久喜
67%
桶川
67%
籠原
67%
木更津
67%
烏山
67%
JM32 新小平
66%
JE15 検見川浜
66%
JE16 稲毛海岸
66%
JC51 西立川
66%
SO51 羽沢横浜国大
66%
JA14 十条
66%
JA24 与野本町
66%
倉賀野
66%
日立
66%
JM16 南流山
65%
JB34 幕張本郷
65%
JK14 新子安
65%
JA18 戸田公園
65%
JL20 亀有
65%
JL27 南柏
65%
土浦
65%
久留里
65%
JH27 相模原
64%
JN10 武蔵溝ノ口
64%
JM31 新秋津
64%
JM28 北朝霞
64%
JM11 船橋法典
64%
JC14 東小金井
64%
JB28 本八幡
64%
JB24 平井
64%
JI02 国道
64%
JT09 辻堂
64%
JA17 浮間舟渡
64%
JA25 北与野
64%
小金井
64%
JL23 北松戸
64%
JL29 北柏
64%
東金
64%
JM18 新三郷
63%
高麗川
63%
JC27 上野原
63%
JO04 田浦
63%
JO29 東千葉
63%
成東
63%
JA16 北赤羽
63%
東大宮
63%
宮原
63%
上尾
63%
深谷
63%
牛久
63%
新前橋
63%
JH15 菊名
62%
JN14 登戸
62%
JO02 衣笠
62%
JK03 港南台
62%
栗橋
62%
古河
62%
北上尾
62%
北本
62%
JJ03 三河島
62%
JJ09 | JL31 天王台
62%
JL21 金町
62%
いわき
62%
JH30 八王子みなみ野
61%
JN09 武蔵新城
61%
JM34 北府中
61%
JM29 新座
61%
JE09 市川塩浜
61%
CO39 山梨市
61%
JT18 根府川
61%
JK05 新杉田
61%
JH21 長津田
60%
JN08 武蔵中原
60%
CO51 小淵沢
60%
JC57 福生
60%
JO05 東逗子
60%
JO31 四街道
60%
JA20 北戸田
60%
新町
60%
高崎問屋町
60%
安房鴨川
60%
常陸太田
60%
JC61 東青梅
59%
海老名
59%
JT17 早川
59%
JA23 南与野
59%
龍ケ崎市
59%
ひたち野うしく
59%
伊勢崎
59%
JM13 東松戸
58%
日進
58%
西大宮
58%
JT19 真鶴
58%
JK09 石川町
58%
JK02 本郷台
58%
土呂
58%
蓮田
58%
自治医大
58%
友部
58%
勝田
58%
君津
58%
CO44 竜王
57%
JO30 都賀
57%
JT15 鴨宮
57%
JK08 山手
57%
JK04 洋光台
57%
JA22 中浦和
57%
北鴻巣
57%
JL24 馬橋
57%
水上
57%
足利
57%
上総一ノ宮
57%
JO34 酒々井
57%
JH17 小机
56%
JH19 中山
56%
JH20 十日市場
56%
JN51 八丁畷
56%
JM14 新八柱
56%
JC54 昭島
56%
JB36 新検見川
56%
JB29 下総中山
56%
JI51 新芝浦
56%
厚木
56%
新白岡
56%
行田
56%
東海
56%
佐野
56%
本千葉
56%
JT22 来宮
56%
鹿島神宮
56%
JO36 空港第2ビル
56%
JM12 市川大野
55%
CO37 塩山
55%
八街
55%
北茅ケ崎
55%
白岡
55%
渋川
55%
佐原
55%
鹿島サッカースタジアム
55%
JN16 稲田堤
54%
JN21 分倍河原
54%
指扇
54%
JC26 藤野
54%
CO36 勝沼ぶどう郷
54%
CO46 韮崎
54%
宝積寺
54%
神保原
54%
JL26 北小金
54%
石岡
54%
栃木
54%
稲田
54%
茂原
54%
館山
54%
東我孫子
54%
横川
54%
寄居
54%
JH31 片倉
53%
JN03 矢向
53%
JN18 稲城長沼
53%
JC31 猿橋
53%
JC52 東中神
53%
JC53 中神
53%
JC58 羽村
53%
東鷲宮
53%
JN53 小田栄
52%
JC73 白丸
52%
JC83 秋川
52%
JI07 武蔵白石
52%
偕楽園
52%
大網
52%
勝浦
52%
小川町
52%
JH24 古淵
51%
JN04 鹿島田
51%
JN23 谷保
51%
CO41 石和温泉
51%
JI06 安善
51%
寒川
51%
雀宮
51%
西那須野
51%
荒川沖
51%
高萩
51%
北八王子
51%
JH14 大口
50%
JH18 鴨居
50%
JH25 淵野辺
50%
JN25 西国立
50%
JC82 東秋留
50%
JI10 扇町
50%
野木
50%
矢板
50%
藤代
50%
桐生
50%
長野原草津口
50%
あしかがフラワーパーク
50%
JN52 川崎新町
49%
JC28 四方津
49%
JO32 物井
49%
八日市場
49%
松岸
49%
JI05 浅野
49%
岡部
49%
常陸多賀
49%
東福生
49%
大前
49%
今市
49%
JH29 相原
48%
JN13 宿河原
48%
南古谷
48%
JC60 河辺
48%
JC67 軍畑
48%
48%
JI03 鶴見小野
48%
吹上
48%
大原
48%
袖ケ浦
48%
香取
48%
安中
48%
箱根ケ崎
48%
上総亀山
48%
JN19 南多摩
47%
西川越
47%
JC69 御嶽
47%
JC84 武蔵引田
47%
南酒々井
47%
間々田
47%
岡本
47%
勿来
47%
沼田
47%
下館
47%
五井
47%
姉ケ崎
47%
JT25 宇佐美
47%
JN22 西府
46%
JC85 武蔵増戸
46%
JI09 昭和
46%
南橋本
46%
大甕
46%
誉田
46%
JT24 網代
46%
東飯能
46%
万座・鹿沢口
46%
JH22 成瀬
45%
JC29 梁川
45%
CO42 酒折
45%
JC72 鳩ノ巣
45%
井野
45%
木下
45%
JT23 伊豆多賀
45%
CO34 笹子
44%
JI04 弁天橋
44%
神立
44%
赤塚
44%
大津港
44%
44%
湯本
44%
結城
44%
群馬藤岡
44%
JH26 矢部
43%
JN15 中野島
43%
的場
43%
CO35 甲斐大和
43%
日向
43%
羽鳥
43%
上総湊
43%
下総松崎
43%
鹿沼
43%
JN05 平間
42%
CO33 初狩
42%
CO38 東山梨
42%
JC81 熊川
42%
石橋
42%
土気
42%
新茂原
42%
小宮
42%
潮来
42%
JN06 向河原
41%
中之条
41%
JN12 久地
40%
JN17 矢野口
40%
JN24 矢川
40%
JC30 鳥沢
40%
横芝
40%
鎌取
40%
CO40 春日居町
39%
原当麻
39%
氏家
39%
蒲須坂
39%
高浜
39%
十王
39%
行川アイランド
39%
金子
39%
児玉
39%
常陸大宮
39%
JN11 津田山
38%
野崎
38%
思川
38%
御宿
38%
浜金谷
38%
越生
38%
武蔵高萩
37%
CO49 日野春
37%
JC56 牛浜
37%
JC59 小作
37%
JC64 日向和田
37%
香川
37%
社家
37%
相武台下
37%
上溝
37%
岩間
37%
内原
37%
笠間
37%
安房小湊
37%
千倉
37%
北藤岡
37%
JC63 宮ノ平
36%
JC71 古里
36%
下溝
36%
佐和
36%
磯原
36%
後閑
36%
八幡宿
36%
巌根
36%
安食
36%
小林
36%
十二橋
36%
JC66 二俣尾
35%
榎戸
35%
前橋大島
35%
小田林
35%
浜野
35%
湖北
35%
常陸大子
35%
福俵
35%
CO45 塩崎
34%
南中郷
34%
求名
34%
CO47 新府
33%
CO48 穴山
33%
CO50 長坂
33%
JC68 沢井
33%
倉見
33%
番田
33%
群馬総社
33%
東結城
33%
長浦
33%
笠幡
32%
JC70 川井
32%
北高崎
32%
毛呂
32%
JC65 石神前
31%
門沢橋
31%
小木津
31%
本納
31%
下総神崎
31%
竹沢
31%
上菅谷
31%
宮山
30%
植田
30%
内郷
30%
岩宿
30%
八積
30%
上総興津
30%
安房天津
30%
松井田
30%
西松井田
30%
下野大沢
30%
祇園
30%
片岡
29%
八木原
29%
富田
29%
国定
29%
大和
29%
布佐
29%
丹荘
29%
飯岡
28%
上牧
28%
駒形
28%
永田
28%
東浪見
28%
佐貫町
28%
那古船形
28%
鶴田
28%
松尾
27%
干潟
27%
猿田
27%
入谷
27%
長者町
27%
浪花
27%
青堀
27%
久住
27%
滑河
27%
文挟
27%
大貫
26%
保田
26%
千歳
26%
川原湯温泉
26%
下菅谷
26%
横田
26%
大平下
24%
三門
24%
24%
上総松丘
24%
岩舟
23%
明覚
23%
中菅谷
23%
上総清川
23%
敷島
22%
太東
22%
江見
22%
下総橘
22%
群馬八幡
22%
用土
22%
松久
22%
常陸青柳
22%
東横田
22%
飯倉
21%
小俣
21%
安房勝山
21%
磯部
21%
延方
21%
倉橋
20%
山前
20%
川島
20%
岩井
20%
折原
20%
群馬原町
20%
袋田
20%
岩本
19%
岩瀬
19%
羽黒
19%
宍戸
19%
富浦
19%
南三原
19%
太海
19%
水郷
19%
小見川
19%
小野上
19%
小野上温泉
19%
竹岡
18%
九重
18%
和田浦
18%
下野花岡
18%
大金
18%
馬来田
18%
福原
17%
下総豊里
17%
祖母島
17%
群馬大津
17%
東清川
17%
玉戸
16%
大戸
16%
笹川
16%
椎柴
16%
袋倉
16%
平山
16%
金島
15%
河合
15%
津久田
14%
新治
14%
鵜原
14%
小櫃
14%
俵田
14%
羽根尾
13%
仁井田
13%
下郡
11%
郷原
10%
常陸鴻巣
10%
瓜連
10%
市城
9%
鴻野山
9%
小塙
9%
常陸津田
9%
西金
9%
南酒出
9%
玉川村
8%
中舟生
8%
額田
8%
岩島
7%
7%
矢倉
6%
後台
6%
下小川
6%
野上原
5%
山方宿
5%
上小川
5%
谷河原
2%
No matching quizzes found
Score Distribution
Percent of People with Each Score
Percentile by Number Answered
Your Score History
You have not taken this quiz since the last reset